[Event "Wch Seniors"]
[Site "Bad Wildbad"]
[Date "1997.??.??"]
[Round "10"]
[White "Frueh, Heinrich"]
[Black "Ahlberg, Guenter"]
[Result "1/2-1/2"]
[WhiteElo "2046"]
[BlackElo "2230"]

1.c4 c6 2.e4 d5 3.exd5 cxd5 4.cxd5 Qxd5 5.Nc3 Qa5 6.Bc4 e6 7.d4 Nf6 8.Nf3 Bb4
9.Bd2 Bxc3 10.Bxc3 Qc7 11.Ne5 O-O 12.Qf3 Nc6 13.Nxc6 Qxc6 14.Qxc6 bxc6 15.Ba5 Nd5
16.O-O-O Bb7 17.Rhe1 Rac8 18.b4 Rfe8 19.Kd2 a6 20.Rc1 Kf8 21.g4 Kg8 22.h4 Ra8
23.Bb3 Rac8 24.Rc5 Kf8 25.Bc2 Ke7 26.Ba4 Kd6 27.Rcc1 Rh8 28.Re2 h5 29.g5 g6
30.Rg1 Rhe8 31.Re5 Rb8 32.Rg3 Bc8 33.a3 Ne7 34.Rc5 Bd7 35.Rgc3 Rec8 36.Bc2 Nd5
37.Rf3 Ke7 38.Bd3 Ra8 39.Kc2 Be8 40.Kb3 Kd6 41.Be4 Rab8 42.Rg3 Rb5 43.a4 Rb7
44.Bxd5 exd5 45.Rf3 Rcb8 46.Rf6+ Ke7 47.Kc3 Rc8 48.Kd2 Bd7 49.Rf3 Kf8 50.Re3 Re8
51.Re5 Rxe5 52.dxe5 Ke7 53.Ke3 Ke6 54.Kf4 Be8 55.Rc1 Bd7  1/2-1/2

[Event "Bad Woerishofen op"]
[Site "Bad Woerishofen"]
[Date "1997.??.??"]
[Round "4"]
[White "Bischoff, Klaus"]
[Black "Roeder, Frank"]
[Result "1/2-1/2"]
[WhiteElo "2550"]
[BlackElo "2290"]

1.c4 c6 2.e4 d5 3.exd5 cxd5 4.d4 Nf6 5.Nc3 Nc6 6.Bg5 Be6 7.Bxf6 exf6 8.a3 Be7
9.Be2 O-O 10.Bf3 dxc4 11.d5 Ne5 12.dxe6 Nd3+ 13.Kf1 fxe6 14.Qe2 Qb6 15.g3 f5
16.Kg2  1/2-1/2

[Event "Bad Woerishofen op"]
[Site "Bad Woerishofen"]
[Date "1997.??.??"]
[Round "5"]
[White "Eingorn, Vereslav S"]
[Black "Tischbierek, Raj"]
[Result "1/2-1/2"]
[WhiteElo "2595"]
[BlackElo "2490"]

1.c4 c6 2.e4 d5 3.exd5 Nf6 4.d4 cxd5 5.Nc3 e6 6.Nf3 Bb4 7.Bd3 dxc4 8.Bxc4 O-O
9.O-O b6 10.Bg5 Bb7 11.Rc1 Nbd7 12.Qe2 Bxc3 13.Rxc3 Qb8 14.Bh4 Qf4 15.Bg3 Qg4
16.Bb5 Rfd8 17.Rc7 Bd5 18.a3 Nf8 19.Ne5 Qxe2 20.Bxe2 N8d7 21.Bh4 Nxe5 22.dxe5 Rd7
23.Rfc1 Rxc7 24.Rxc7 Ne8 25.Rc3 Bb7 26.f4 Kf8 27.Kf2 f6 28.g4 Rc8 29.Rxc8 Bxc8
30.Bd3 h6 31.exf6 Nxf6 32.h3 Bb7 33.Bg3 Ne4+  1/2-1/2

[Event "Bad Woerishofen op"]
[Site "Bad Woerishofen"]
[Date "1997.??.??"]
[Round "6"]
[White "Miles, Anthony J"]
[Black "Roeder, Frank"]
[Result "1-0"]
[WhiteElo "2550"]
[BlackElo "2290"]

1.c4 c6 2.Nf3 d5 3.e3 Nf6 4.Nc3 Bg4 5.h3 Bxf3 6.Qxf3 e6 7.d4 Bd6 8.Bd2 Nbd7
9.g4 O-O 10.O-O-O Bb4 11.Kb1 Bxc3 12.Bxc3 Ne4 13.Bb4 Re8 14.Bd3 c5 15.Bxc5 Nexc5
16.dxc5 dxc4 17.Bxc4 Qc7 18.Bb5 Ne5 19.Qe2 Red8 20.f4 a6 21.Ba4 Qa5 22.Qc2 Nf3
23.a3 h6 24.b4 Qc7 25.Rxd8+ Rxd8 26.Rd1 e5 27.Rxd8+ Qxd8 28.Qd1 Qxd1+ 29.Bxd1 Nd2+
30.Kc2 Nc4 31.Bf3 Nxa3+ 32.Kb3 Nb5 33.Bxb7 Nc7 34.Ka4 Kf8 35.Ka5 Ke7 36.Kb6 Kd7
37.fxe5 Kd8 38.e4 Ne6 39.Bxa6  1-0

[Event "Bad Woerishofen op"]
[Site "Bad Woerishofen"]
[Date "1997.??.??"]
[Round "9"]
[White "Eingorn, Vereslav S"]
[Black "Kohlweyer, Bernd"]
[Result "1-0"]
[WhiteElo "2595"]
[BlackElo "2420"]

1.c4 c6 2.Nf3 d5 3.e3 Nf6 4.Nc3 e6 5.b3 Nbd7 6.Qc2 Bd6 7.Be2 O-O 8.O-O Re8
9.Bb2 Qe7 10.Rfd1 a6 11.d4 dxc4 12.bxc4 c5 13.d5 Nf8 14.a4 Ng6 15.dxe6 Bxe6
16.a5 Qc7 17.h3 h6 18.Nd5 Bxd5 19.cxd5 Qe7 20.Bd3 Ne5 21.Nxe5 Bxe5 22.Rab1 Rad8
23.Bxe5 Qxe5 24.Rxb7 Rxd5 25.Bxa6 Rxd1+ 26.Qxd1 Qc3 27.Bb5 Rf8 28.a6 Ne4
29.Bc6 Nxf2 30.Kxf2 Qf6+ 31.Qf3  1-0

[Event "Bad Zwesten op"]
[Site "Bad Zwesten"]
[Date "1997.??.??"]
[Round "6"]
[White "Bischoff, Klaus"]
[Black "Bagaturov, Giorgi"]
[Result "1/2-1/2"]
[WhiteElo "2550"]
[BlackElo "2475"]

1.c4 c6 2.Nf3 d5 3.e3 e6 4.b3 Nf6 5.Bb2 Be7 6.d4 Nbd7 7.Nbd2 O-O 8.Bd3 b6
9.Qc2 Bb7 10.O-O h6 11.Ne5 c5 12.f4 Rc8 13.a4 Nxe5 14.dxe5 Ng4 15.Rfe1 d4
16.Nf1 Nxe3 17.Nxe3 dxe3 18.Rxe3 f5 19.Qe2 Qe8 20.Rf1 Rd8 21.h3 h5 22.Bc2 g6
23.Rd1 Qc6 24.Red3 Kf7 25.Bc1 Rxd3 26.Rxd3 Rd8 27.Rxd8 Bxd8 28.Be3  1/2-1/2

[Event "Barbera-A"]
[Site "Barbera"]
[Date "1997.??.??"]
[Round "9"]
[White "Gonzalez Diaz, Julio"]
[Black "Bravo, Narciso"]
[Result "1-0"]
[WhiteElo "2115"]
[BlackElo "2230"]

1.c4 c6 2.d4 d5 3.Nc3 Nf6 4.Bf4 dxc4 5.e4 b5 6.f3 e6 7.a4 Bb4 8.Kf2 Qb6 9.Be3 Bb7
10.Nge2 Nbd7 11.b3 Bxc3 12.Nxc3 b4 13.a5 Qc7 14.a6 bxc3 15.axb7 Qxb7 16.Bxc4 O-O
17.Qc2 Qc7 18.Qxc3 Kh8 19.Qa5 Nb6 20.g3 Nfd7 21.Bf4 Qd8 22.Bd6 f5 23.e5 Re8
24.f4 g5 25.Qd2 Nf6 26.exf6 Qxd6 27.fxg5 e5 28.Rhe1 c5 29.d5 a5 30.Qc3 Kg8
31.Bb5  1-0

[Event "Regionalliga NW9798"]
[Site "Bayern"]
[Date "1997.??.??"]
[Round "?"]
[White "Wambach, Juergen"]
[Black "Bebersdorf, Claus"]
[Result "0-1"]
[WhiteElo "1980"]
[BlackElo "2000"]

1.c4 c6 2.Nc3 d5 3.d4 Nf6 4.e3 Bf5 5.Nf3 e6 6.Be2 Be7 7.O-O Ne4 8.Nxe4 Bxe4
9.b3 Nd7 10.Bb2 O-O 11.Qd2 Qb6 12.Rfd1 Rfd8 13.c5 Qc7 14.b4 Bf6 15.Rac1 Bxf3
16.Bxf3 e5 17.a4 exd4 18.Bxd4 Bxd4 19.exd4 a6 20.b5 axb5 21.axb5 Nf8 22.Rb1 Rdb8
23.Re1 Re8 24.Re3 Qd7 25.Reb3 Ra7 26.h3 Rea8 27.Qf4 Ra1 28.Bg4 Rxb1+ 29.Rxb1 Ne6
30.bxc6 bxc6 31.Rb6 Nxf4 32.Bxd7 Ne2+ 33.Kf1 Nxd4 34.Ke1 Kf8 35.Bxc6 Nxc6
36.Rxc6 Ra1+ 37.Kd2 Ra2+ 38.Ke3 d4+ 39.Kxd4 Rxf2 40.Rb6 Rxg2 41.Kd5 Rd2+
42.Kc6 Ke7 43.Rb7+ Ke6 44.Kc7 Rc2 45.c6 g5 46.Rb3 f5 47.Kb7 h5 48.c7 Ke5
49.c8=Q Rxc8 50.Kxc8 g4 51.Kd7 h4 52.Rb8 g3 53.Rh8 f4 54.Rxh4 f3 55.Rg4 f2
56.Rxg3 f1=Q 57.h4 Qf7+ 58.Kc6 Qf6+ 59.Kb5 Qxh4 60.Rc3 Qe4 61.Rc5+ Kd6 62.Rc3 Qe2+
63.Kb4 Kd5 64.Rc5+ Kd4 65.Rc7 Qb2+ 66.Ka5 Kd5 67.Rc8 Qb7 68.Rc2 Qb3 69.Rc8 Kd6
70.Rf8 Kc7 71.Rf5 Qa3+  0-1

[Event "Regionalliga SO9798"]
[Site "Bayern"]
[Date "1997.??.??"]
[Round "?"]
[White "Voelkl, Stefan"]
[Black "Moser, Wolfgang"]
[Result "1/2-1/2"]
[WhiteElo "2010"]
[BlackElo "2075"]

1.c4 c6 2.d4 d5 3.e3 Nf6 4.Nf3 Bf5 5.Bd3 dxc4 6.Bxf5 Qa5+ 7.Nbd2 Qxf5 8.Nxc4 e6
9.Qb3 b6 10.Bd2 Nbd7 11.O-O Be7 12.Nfe5 Rc8 13.Qa4 b5 14.Qa6 O-O 15.Nxd7 Nxd7
16.Qxa7 Rfd8 17.Ne5 Nxe5 18.Qxe7 c5 19.dxe5 Rxd2 20.Qb7 Rcd8 21.Qxb5 Qxe5
22.b3 h6 23.Rac1 Rxa2 24.Rxc5 Qf6 25.Rc4 Rd1 26.Rf4 Rxf1+ 27.Qxf1 Qb2 28.Rd4 Qxb3
29.Rd8+ Kh7 30.h3 Rb2 31.Qd3+ Qxd3 32.Rxd3 Kg6 33.g3 f5 34.Kg2 Kf6 35.Ra3 h5
36.h4 Rb6 37.Ra8 e5 38.Rf8+ Kg6 39.Re8 e4 40.Ra8 Kf7 41.Ra5 g6 42.Ra8 Ke6
43.Ra5  1/2-1/2

[Event "Landesliga Sued9798"]
[Site "Bayern"]
[Date "1997.??.??"]
[Round "?"]
[White "Stocker, Rupert"]
[Black "Gergen, Harald"]
[Result "0-1"]
[WhiteElo "2140"]
[BlackElo "2015"]

1.c4 c6 2.g3 d5 3.Bg2 Nf6 4.Nf3 Bg4 5.O-O e6 6.b3 Nbd7 7.Bb2 Bd6 8.d3 O-O
9.Nc3 Qe7 10.h3 Bxf3 11.Bxf3 Ba3 12.Qc1 Bxb2 13.Qxb2 Rfd8 14.Rac1 h5 15.Bg2 h4
16.g4 d4 17.Ne4 Nxe4 18.Bxe4 f5 19.gxf5 exf5 20.Bg2 Qe5 21.Qd2 f4 22.Kh1 Nf8
23.b4 Rd6 24.Rfe1 Re8 25.b5 Nh7 26.bxc6 bxc6 27.Qb4 Ng5 28.Qa4 Qf5 29.Qxa7 Rde6
30.Qxd4 f3 31.Bf1 fxe2 32.Bg2 Nxh3 33.Rb1 Nxf2+ 34.Kh2 Nxd3 35.Rg1 Qf4+ 36.Qxf4 Nxf4
37.Rge1 Nd3 38.Bf3 Nxe1 39.Rxe1 Ra8  0-1

[Event "Landesliga Sued9798"]
[Site "Bayern"]
[Date "1997.??.??"]
[Round "?"]
[White "Stocker, Rupert"]
[Black "Strangmueller, Andreas"]
[Result "1-0"]
[WhiteElo "2140"]
[BlackElo "1920"]

1.c4 c6 2.e4 d5 3.exd5 cxd5 4.cxd5 Nf6 5.Bb5+ Bd7 6.Bc4 b5 7.Bb3 Na6 8.d4 Nc7
9.Nf3 Ncxd5 10.Ne5 e6 11.O-O Be7 12.Nd2 O-O 13.Nxd7 Nxd7 14.Nf3 Bf6 15.Qe2 Qb6
16.Rd1 Rfd8 17.Bg5 Bxg5 18.Nxg5 N7f6 19.Nf3 Rd6 20.Ne5 Rad8 21.Rac1 Ne7 22.Rc5 a6
23.Rdc1 Rxd4 24.h3 Ned5 25.Bc2 Nf4 26.Qf3 Ng6 27.Qc6 R4d6 28.Qxb6 Rxb6 29.Bxg6 hxg6
30.Rc7 Rf8 31.R1c6 Rxc6 32.Rxc6 Ra8 33.Rc7 Rf8 34.Ra7 Rc8 35.Rxa6 Rc1+ 36.Kh2 Rc2
37.Ra8+ Kh7 38.Nxf7 Ng8 39.b3 Rxf2 40.Ng5+ Kh8  1-0

[Event "Landesliga Sued9798"]
[Site "Bayern"]
[Date "1997.??.??"]
[Round "?"]
[White "Wolfsteiner, Helmut"]
[Black "Kaunzinger, Albert"]
[Result "1-0"]
[WhiteElo "2225"]
[BlackElo "2195"]

1.c4 c6 2.Nf3 d5 3.d4 Nf6 4.Nc3 Bf5 5.Qb3 Qb6 6.c5 Qxb3 7.axb3 Na6 8.Ra4 Bc2
9.Ne5 Bxb3 10.Ra3 Bc4 11.b3 Bb5 12.Nxb5 cxb5 13.c6 Rc8 14.Bd2 Nb8 15.cxb7 Rc7
16.Rxa7 e6 17.e3 Bd6 18.Bxb5+ Ke7 19.O-O Ne4 20.Ba5 Rc2 21.f3 Nc3 22.Bd3 Ra2
23.Nc6+ Nxc6 24.b8=Q+ Nxa7 25.Qxa7+ Kf6 26.Qb6  1-0

[Event "Regionalliga SW9697"]
[Site "Bayern"]
[Date "1997.??.??"]
[Round "?"]
[White "Stoer, Andreas"]
[Black "Schmeidler, Martin"]
[Result "1-0"]
[WhiteElo "2140"]
[BlackElo "2070"]

1.c4 c6 2.Nf3 d5 3.e3 Nf6 4.b3 g6 5.Bb2 Bg7 6.Be2 O-O 7.O-O Nbd7 8.d3 Re8
9.d4 Ne4 10.Nbd2 Ndf6 11.Ne5 Qa5 12.Nxe4 Nxe4 13.Qe1 Qxe1 14.Rfxe1 f6 15.Nd3 Bh6
16.cxd5 cxd5 17.Rac1 Kf7 18.Rc7 Ke6 19.Rec1 b6 20.Bg4+ f5 21.Bf3 Bd7 22.Nb4 Red8
23.Ba3 a5 24.Nc6 Rdc8 25.Ne5 Nc5 26.Rxc8 Rxc8 27.Nxd7  1-0

[Event "Oberliga Bayern9697"]
[Site "Bayern"]
[Date "1997.??.??"]
[Round "?"]
[White "Arbakov, Valentin"]
[Black "Bachmayr, Peter"]
[Result "1-0"]
[WhiteElo "2510"]
[BlackElo "2340"]

1.c4 c6 2.d4 d5 3.Nf3 e6 4.Qc2 Nf6 5.g3 Nbd7 6.Bg2 Bd6 7.O-O O-O 8.Bf4 Qc7
9.Bxd6 Qxd6 10.Nbd2 e5 11.cxd5 cxd5 12.dxe5 Nxe5 13.Nxe5 Qxe5 14.Nf3 Qe7
15.Nd4 Be6 16.Rac1 Rac8 17.Qa4 a6 18.Qb3 b5 19.Qe3 Qd7 20.Qa3 Rc4 21.Rxc4 dxc4
22.Nc6 Re8 23.Qxa6 Qd2 24.Qxb5 Qxe2 25.Nd4 Qd3 26.Nxe6 Rxe6 27.a4 g6 28.a5 Qd4
29.a6 Qa7 30.Bb7 Re2 31.Bf3 Re6 32.Ra1  1-0

[Event "Oberliga Bayern9697"]
[Site "Bayern"]
[Date "1997.??.??"]
[Round "?"]
[White "Becker, Thomas"]
[Black "Golda, Harald"]
[Result "1-0"]
[WhiteElo "2220"]
[BlackElo "2330"]

1.c4 c6 2.Nf3 d5 3.b3 e6 4.e3 Nf6 5.Be2 Be7 6.O-O O-O 7.Bb2 Nbd7 8.d4 b6
9.Nbd2 Bb7 10.Ne5 c5 11.f4 dxc4 12.bxc4 Ne4 13.Ndf3 Rc8 14.Qa4 Nxe5 15.Nxe5 Qc7
16.Rad1 Rcd8 17.Bd3 f6 18.Ng4 Kh8 19.d5 exd5 20.cxd5 Nd6 21.Bb1 Bc8 22.Nf2 f5
23.Nd3 b5 24.Qc2 Nc4 25.Be5 Bd6 26.Qc1 Bb7 27.a4 Nxe5 28.fxe5 Bxe5 29.Nxe5 Qxe5
30.Qxc5 bxa4 31.e4 Bc8 32.Qxa7 fxe4 33.Rxf8+ Rxf8 34.Qxa4 e3 35.Qe4 Qxe4
36.Bxe4 Ba6 37.Re1 g5 38.g4 e2 39.Bf5 Kg7 40.d6 Kf6 41.Kf2 Ke5 42.d7 Bb5
43.Ke3 Rd8 44.Rh1 h5 45.h3 h4 46.Rc1 Bxd7 47.Bd3 Rc8 48.Re1 Rc3 49.Rxe2 Kd6
50.Kd4 Ra3 51.Rb2 Bc6 52.Rf2 Ra4+ 53.Ke3 Bd7 54.Rf6+ Ke7 55.Rg6 Ra5 56.Rg7+ Ke8
57.Kd4 Be6 58.Be2 Kf8 59.Rc7 Ra2 60.Bc4 Ra4 61.Rc6 Bd7 62.Rg6 Ra5 63.Rd6 Ke7
64.Rb6 Ra3 65.Rb7 Kd6 66.Rb6+ Bc6 67.Bb5 Rxh3 68.Rxc6+ Ke7 69.Rc3 Rh1 70.Re3+ Kd6
71.Bd3 Rg1 72.Bf5 Rd1+ 73.Ke4 Ra1 74.Rd3+  1-0

[Event "Oberliga Bayern9697"]
[Site "Bayern"]
[Date "1997.??.??"]
[Round "?"]
[White "Mandl, Robert"]
[Black "Bachmayr, Peter"]
[Result "1/2-1/2"]
[WhiteElo "2410"]
[BlackElo "2340"]

1.c4 c6 2.Nf3 d5 3.b3 Nf6 4.g3 Bg4 5.Ne5 Bf5 6.Bg2 Nbd7 7.Bb2 Nxe5 8.Bxe5 e6
9.O-O Be7 10.d3 O-O 11.Qc2 Nd7 12.Bc3 Bg6 13.Nd2 Bf6 14.b4  1/2-1/2

[Event "BEL-chT9697"]
[Site "BEL"]
[Date "1997.??.??"]
[Round "?"]
[White "Tonoli, Walter"]
[Black "Meulders, Richard"]
[Result "1-0"]
[WhiteElo "2285"]
[BlackElo "2265"]

1.c4 c6 2.Nf3 Nf6 3.b3 d5 4.g3 Qb6 5.Bg2 e5 6.O-O e4 7.Ne1 h5 8.d3 h4 9.Be3 Bc5
10.d4 Be7 11.Bf4 Be6 12.Nc3 Nh5 13.Be3 f5 14.cxd5 cxd5 15.Qd2 Qd8 16.Rc1 Nc6
17.Na4 g5 18.Nc5 Bc8 19.g4 fxg4 20.f3 h3 21.Bh1 g3 22.hxg3 Nxg3 23.fxe4 h2+
24.Kg2 Nxf1 25.Kxf1 Bh3+ 26.Kf2 Bxc5 27.Rxc5 Qf6+ 28.Nf3 dxe4 29.Bxg5 Qf7
30.Qe3 O-O 31.Qxe4 Rae8 32.Qh4 Qe6 33.e3 Rxf3+ 34.Bxf3 Rf8 35.Bf4 Ne7 36.Rg5+ Ng6
37.Bxh2 Bf5 38.Bf4 Rc8 39.Be5 Rc2+ 40.Kg3 Kf7 41.Qh7+ Ke8 42.e4  1-0

[Event "BEL-chT9697"]
[Site "BEL"]
[Date "1997.??.??"]
[Round "2"]
[White "Tonoli, Peter"]
[Black "Micic, Snezana"]
[Result "1/2-1/2"]
[WhiteElo "2155"]
[BlackElo "2155"]

1.c4 c6 2.Nf3 d5 3.b3 Bg4 4.Bb2 Nd7 5.d3 Ngf6 6.Nbd2 e6 7.g3 Bd6 8.Bg2 Qe7
9.Qc2 Ba3 10.d4 O-O 11.O-O a5 12.Bxa3 Qxa3 13.e3 a4 14.Qc3 dxc4 15.Nxc4 Nd5
16.Qd2 Qb4 17.Qxb4 Nxb4 18.bxa4 Rxa4 19.Nce5 Nxe5 20.Nxe5 Be2 21.Rfe1 Bb5
22.Be4 Rfa8 23.Nd7 Rxa2 24.Rab1 Nd5 25.Rec1 f5 26.Bg2 Bd3 27.Bxd5 exd5 28.Rxb7 Ra1
29.Rxa1 Rxa1+ 30.Kg2 Be4+ 31.Kh3 Rf1 32.Ne5 g5 33.f4 gxf4 34.exf4 Rf2 35.Nxc6 h6
36.Ne7+ Kh8 37.Ng6+ Kg8 38.Ne7+ Kh8 39.Ng6+ Kg8 40.Ne7+  1/2-1/2

[Event "BEL-chT9697"]
[Site "BEL"]
[Date "1997.??.??"]
[Round "4"]
[White "Barbier, Wim"]
[Black "Astolfi, Frederic"]
[Result "1-0"]
[WhiteElo "2185"]
[BlackElo "2255"]

1.c4 c6 2.Nf3 Nf6 3.b3 d5 4.Bb2 Bf5 5.cxd5 cxd5 6.e3 Nc6 7.Bb5 a6 8.Bxc6+ bxc6
9.Qe2 Bc8 10.O-O e6 11.Rc1 Bb7 12.d4 Be7 13.Nc3 Nd7 14.Na4 O-O 15.Ne5 Nb8
16.Nc5 Bc8 17.Rc2 f6 18.Ned3 Bd6 19.e4 dxe4 20.Qxe4 Re8 21.Re1 Ra7 22.f4 Rae7
23.Qf3 a5 24.Rce2 Bxc5 25.Nxc5 Qd6 26.Ne4 Qd5 27.Qg3 Kf7 28.f5 e5 29.dxe5 fxe5
30.Rd2  1-0

[Event "BEL-chT9697"]
[Site "BEL"]
[Date "1997.??.??"]
[Round "10"]
[White "Tonoli, Walter"]
[Black "Krijgelmans, Johan"]
[Result "0-1"]
[WhiteElo "2285"]
[BlackElo "2270"]

1.c4 c6 2.b3 d5 3.Bb2 Nf6 4.g3 Bg4 5.Bg2 e6 6.d3 Bc5 7.Qc2 Qb6 8.e3 Nbd7
9.Nf3 O-O 10.O-O a5 11.Nbd2 Rfe8 12.d4 Bf8 13.e4 dxe4 14.Nxe4 Bf5 15.Nh4 Nxe4
16.Bxe4 Bxe4 17.Qxe4 a4 18.Qc2 Qa5 19.Bc3 Qh5 20.Qd1 Qxd1 21.Rfxd1 Nb6 22.Nf3 g6
23.Rab1 Bg7 24.Bd2 axb3 25.axb3 Ra2 26.Be3 Nd7 27.d5 exd5 28.cxd5 c5 29.Rdc1 Rc8
30.Nd4 Bxd4 31.Bxd4 Rd2 32.Be3 Rxd5 33.b4 c4 34.b5 f6 35.Rc2 Kf7 36.Rb4 Ne5
37.f4 Ng4 38.Bb6 c3 39.Bd4 f5 40.h3 Nf6 41.Bxf6 Kxf6 42.Rb3 Rd3 43.Kf2 Ke6
44.b6 Kd5 45.h4 Kc4 46.Rb1 Rcd8  0-1

[Event "Benasque op"]
[Site "Benasque"]
[Date "1997.??.??"]
[Round "5"]
[White "Cifuentes Parada, Roberto"]
[Black "Stefanova, Antoaneta"]
[Result "1/2-1/2"]
[WhiteElo "2515"]
[BlackElo "2410"]

1.c4 c6 2.Nf3 d5 3.e3 Nf6 4.Nc3 g6 5.d4 Bg7 6.Be2 O-O 7.O-O Nbd7 8.b4 dxc4
9.Bxc4 b5 10.Bb3 a5 11.bxa5 Qxa5 12.Bb2 Bb7 13.a4 b4 14.Nb1 Ne4 15.Nbd2 c5
16.Nxe4 Bxe4 17.Nd2 Bb7 18.Nc4 Qa6 19.Rc1 Rad8 20.Qd2 Nb6 21.Nxb6 Qxb6 22.Rfd1 cxd4
23.Bxd4 Bxd4 24.exd4 Bd5 25.Bxd5 Rxd5 26.Rc4 Rb8 27.Rb1 b3 28.Qc3 b2 29.g3 e6
30.Rc8+ Rxc8 31.Qxc8+ Kg7 32.Qc3 Qa5 33.Qxa5 Rxa5 34.Rxb2 Rxa4 35.Rd2  1/2-1/2

[Event "Berliner Sommer"]
[Site "Berlin"]
[Date "1997.??.??"]
[Round "2"]
[White "Poldauf, Dirk"]
[Black "Zschaebitz, Klaus"]
[Result "1-0"]
[WhiteElo "2455"]
[BlackElo "2200"]

1.c4 c6 2.Nf3 d5 3.Qc2 Nf6 4.g3 e6 5.Bg2 Be7 6.O-O O-O 7.b3 c5 8.Bb2 Nc6
9.cxd5 Nb4 10.Qd1 exd5 11.d4 Bf5 12.Nc3 Ne4 13.dxc5 Bf6 14.Nd4 Qd7 15.Na4 Bh3
16.a3 Bxg2 17.Kxg2 Na6 18.Rc1 Nc7 19.Qd3 Ne6 20.Nxe6 fxe6 21.Bxf6 Rxf6 22.f3 Ng5
23.Nc3 Rd8 24.f4 Nf7 25.e4 d4 26.Ne2 e5 27.f5 Rh6 28.b4 Qe7 29.Ng1 Rf8 30.Rc2 Ng5
31.b5 Rff6 32.h4 Nf7 33.Rfc1 Qe8 34.Nf3 g6 35.c6 bxc6 36.bxc6 gxf5 37.c7 Rc6
38.Rxc6 Rxc6 39.Qb5 fxe4 40.Qxc6 exf3+ 41.Qxf3 Qc8 42.Qc6 Kg7 43.Rf1  1-0

[Event "Berliner Sommer"]
[Site "Berlin"]
[Date "1997.??.??"]
[Round "8"]
[White "Eingorn, Vereslav S"]
[Black "Tischbierek, Raj"]
[Result "1-0"]
[WhiteElo "2590"]
[BlackElo "2515"]

1.c4 c6 2.Nf3 d5 3.e3 Nf6 4.Nc3 Bg4 5.Qb3 Qb6 6.Qxb6 axb6 7.cxd5 Bxf3 8.gxf3 Nxd5
9.Nxd5 cxd5 10.d4 e6 11.Bd2 Nc6 12.Bb5 Bd6 13.Ke2 Ke7 14.h3 Rhc8 15.f4 g6
16.Rhc1 Kd8 17.a3 Na5 18.Rc3 Nc4 19.Bxc4 dxc4 20.Rc2 b5 21.Rd1 Ke7 22.Bc3 Rd8
23.Rcd2 b6 24.d5 Bc5 25.e4 Ra7 26.h4 Rad7 27.Kf3 f5 28.d6+ Bxd6 29.Rxd6  1-0

[Event "Mermaid Beach Club"]
[Site "Bermuda"]
[Date "1997.??.??"]
[Round "1"]
[White "Hellsten, Johan"]
[Black "Waitzkin, Joshua"]
[Result "0-1"]
[WhiteElo "2485"]
[BlackElo "2440"]

1.c4 c6 2.d4 d5 3.Nf3 Nf6 4.Nbd2 e6 5.g3 dxc4 6.Nxc4 c5 7.Bg2 Nc6 8.Nfe5 Nxe5
9.dxe5 Qxd1+ 10.Kxd1 Nd5 11.Bd2 Bd7 12.Rc1 Bc6 13.Ke1 Nb4 14.Bxc6+ Nxc6 15.a4 O-O-O
16.f4 Be7 17.Kf2 Rd5 18.Bc3 Rhd8 19.e3 b6 20.Ke2 Kb7 21.Rhd1 a6 22.Be1 Rxd1
23.Rxd1 Rxd1 24.Kxd1 b5 25.axb5 axb5 26.Nd2 Na5 27.b3 Kc6 28.Kc2 c4 29.bxc4 Nxc4
30.Nxc4 bxc4 31.e4 Kb5 32.g4 Bc5 33.Bc3 Bf2 34.f5 Kc5 35.fxe6 fxe6 36.Bb2 Be1
37.h3 Bf2 38.Kd2 Kb4 39.Kc2 Kc5 40.Kd2 Kb4 41.Kc2 Be1 42.Bd4 c3 43.Bb6 Kc4
44.Ba7 Bg3 45.Bb8 Kd4 46.Ba7+ Kxe4 47.Kxc3 Bxe5+ 48.Kd2 Kf3 49.Kd3 Bf4  0-1

[Event "Biel op MTO"]
[Site "Biel"]
[Date "1997.??.??"]
[Round "2"]
[White "Podgaets, Mikhail"]
[Black "Zach, Andreas"]
[Result "1-0"]
[WhiteElo "2460"]
[BlackElo "2310"]

1.c4 c6 2.e4 e5 3.Nf3 d6 4.d4 Nd7 5.Nc3 Ngf6 6.Be2 Be7 7.O-O O-O 8.Qc2 a6
9.Rd1 Qc7 10.h3 Re8 11.Be3 b6 12.Rac1 Bb7 13.Qb1 Bf8 14.d5 c5 15.a3 g6 16.b4 Bc8
17.Qb3 Bg7 18.Qa4 Rb8 19.Rb1 Nf8 20.bxc5 dxc5 21.Rd2 Qa7 22.Rdb2 Bd7 23.Qc2 Nh5
24.Rb3 f5 25.Qb2 fxe4 26.Nxe4 Nf4 27.Bf1 Bf5 28.Nfd2 Nd7 29.Qc2 h5 30.h4 b5
31.cxb5 Nxd5 32.Bc4 Qa8 33.bxa6 Kh8 34.Bg5 N7b6 35.Bxd5 Nxd5 36.Rxb8 Rxb8
37.Rxb8+ Qxb8 38.Qa4 Qa7 39.Qc6 Nc7 40.Nxc5 Nxa6 41.Nxa6 Qd4 42.Nc5 Qa1+
43.Kh2 Qxa3 44.Nde4  1-0

[Event "Bled op18th"]
[Site "Bled"]
[Date "1997.??.??"]
[Round "2"]
[White "Nestrovic, Vladimir"]
[Black "Stojnic, Miodrag"]
[Result "1-0"]
[WhiteElo "2315"]
[BlackElo "2105"]

1.c4 c6 2.d4 d5 3.e3 e6 4.Nd2 Nf6 5.Bd3 Nbd7 6.Ngf3 dxc4 7.Nxc4 b5 8.Ncd2 a6
9.b3 Bb7 10.Bb2 Be7 11.O-O O-O 12.Qe2 Re8 13.Rfd1 Qb8 14.Rac1 Bd6 15.Ne4 Be7
16.Ne5 Nxe5 17.dxe5 Nxe4 18.Bxe4 c5 19.Bc2 Qc7 20.Qg4 Rad8 21.Rd6 g6 22.h4 Rxd6
23.exd6 Bxd6 24.h5 Be5 25.Bxe5 Qxe5 26.hxg6 hxg6 27.Rd1 Bc6 28.Qe2 Kg7 29.f4 Qf6
30.Rd6 Bb7 31.Qd2 Re7 32.Rd8 Rc7 33.Qd6 Qe7 34.Qd2 Bd5 35.Qc3+ Qf6 36.Rg8+  1-0

[Event "Bled op18th"]
[Site "Bled"]
[Date "1997.??.??"]
[Round "4"]
[White "Mikhalchishin, Adrian"]
[Black "Soln, Primoz"]
[Result "1-0"]
[WhiteElo "2515"]
[BlackElo "2320"]

1.c4 c6 2.Nf3 d5 3.e3 Nf6 4.d4 e6 5.Nbd2 Nbd7 6.Bd3 c5 7.O-O Bd6 8.cxd5 exd5
9.e4 dxe4 10.Nxe4 Nxe4 11.Bxe4 O-O 12.Bg5 Be7 13.Bxe7 Qxe7 14.Re1 Qd6 15.Qc2 h6
16.Rad1 cxd4 17.Nxd4 Qb6 18.Bf3 Nf6 19.Re3 Bd7 20.Qb3 Qa5 21.Qa3 Qxa3 22.Rxa3 Bg4
23.Bxg4 Nxg4 24.h3 Ne5 25.Nf5 Kh7 26.Re3 Nc4 27.Re4 Rac8 28.b3 Nb6 29.Re7 Rb8
30.Rd3 a5 31.a4 Nc8 32.Re5 b6 33.Rd7 Ra8 34.g4 Ra7 35.Red5 Rxd7 36.Rxd7 g6
37.Nd4 Kg8 38.Nc6 Kg7 39.Nd8 Kf6 40.f4 h5 41.Kf2 hxg4 42.hxg4 g5 43.f5 Rh8
44.Kf3 Rh1 45.Nxf7 Rh3+ 46.Ke4 Rh1 47.Nd6 Re1+ 48.Kf3  1-0

[Event "Clarin GP1 Boca Juniors"]
[Site "Boca"]
[Date "1997.??.??"]
[Round "2"]
[White "Giardelli, Sergio C"]
[Black "De las Heras, Juan Carlos"]
[Result "1/2-1/2"]
[WhiteElo "2460"]
[BlackElo "2265"]

1.c4 c6 2.e4 d5 3.cxd5 cxd5 4.exd5 Qxd5 5.Nc3 Qd8 6.d4 e6 7.Nf3 Nf6 8.Bc4 Be7
9.O-O O-O 10.Qd3 a6 11.Bg5 Nbd7 12.Rad1 b5 13.Bb3 Bb7 14.Rfe1 b4 15.Ne2 Qa5
16.Bh4 Rad8 17.Qe3 Ng4 18.Qf4 Bxh4 19.Qxg4 Be7 20.Nf4 Nf6 21.Qh3 Bd5 22.Ne5 Qc7
23.Rc1 Qb7 24.Bxd5 Nxd5 25.Nxe6 fxe6 26.Qxe6+ Kh8 27.Nf7+ Rxf7 28.Qxf7 h6
29.Re5 Qd7 30.Rce1 Bf8 31.Qxd7 Rxd7 32.Re8 Kg8 33.Ra8 Nf6 34.Rd1 Kf7 35.Rxa6 Bc5
36.Kf1 Rxd4 37.Rxd4 Bxd4 38.a3 b3 39.a4 Bxb2 40.Rb6 Ne4 41.a5 Bd4 42.Rb7+ Ke6
43.a6 b2 44.Rxb2 Nd6 45.Rb4 Bc5 46.Rg4 Kf6 47.h4 g6 48.f3 h5 49.Ra4 Ba7 50.g4 Nf7
51.Ke2 Ne5 52.Rb4 Bg1 53.gxh5 gxh5 54.Rb7  1/2-1/2

[Event "Honved"]
[Site "Budapest"]
[Date "1997.??.??"]
[Round "5"]
[White "Csom, Istvan"]
[Black "Gartner, Guntram"]
[Result "1/2-1/2"]
[WhiteElo "2460"]
[BlackElo "2380"]

1.c4 c6 2.b3 d5 3.Bb2 Bf5 4.Nf3 e6 5.d3 h6 6.Nbd2 Nf6 7.g3 Nbd7 8.Bg2 Be7
9.O-O O-O 10.a3 Bh7 11.Qc2 Qb6 12.b4 a5 13.Bd4 Qc7 14.Qb2 b5 15.c5 Ne8 16.e4 Bf6
17.e5 Be7 18.Qc3 g5 19.h3 Ng7 20.g4 Rfc8 21.Nb3 a4 22.Nc1 Rf8 23.Ra2 f5 24.exf6 Bxf6
25.Re2 Bxd4 26.Qxd4 Rf4 27.Qb2 Raf8 28.Re3 Re8 29.Rfe1 Rf7 30.Na2 Rfe7 31.d4 Rf7
32.Nc3 Ref8 33.Qd2 Rf6 34.R1e2 R8f7 35.Ne5 Nxe5 36.Rxe5 Qd8 37.Qe3 Qf8 38.Qd2 Rf4
39.f3 R4f6 40.R2e3 Qb8 41.Qe1 Qd8 42.Qf2 Rf4 43.Ne2 Re4 44.R3xe4 Bxe4 45.Qe3 Bh7
46.f4 gxf4 47.Nxf4 Qf6 48.Nxe6 Be4 49.Nxg7 Kxg7 50.g5 hxg5 51.Qxg5+ Qxg5
52.Rxg5+ Kf6 53.Rg4 Bf5 54.Rg3 Rh7 55.Kf2 Rh4 56.Ke3 Be4 57.Bf1 Bf5 58.Bg2 Be4
59.Bf3 Bf5 60.Bg2 Be4 61.Bf3 Bf5  1/2-1/2

[Event "Budapest FS06 GM"]
[Site "Budapest"]
[Date "1997.??.??"]
[Round "5"]
[White "Kolbus, Dietmar"]
[Black "Acs, Peter"]
[Result "0-1"]
[WhiteElo "2330"]
[BlackElo "2420"]

1.c4 c6 2.Nc3 d5 3.cxd5 cxd5 4.d4 e5 5.dxe5 d4 6.Ne4 Qa5+ 7.Bd2 Qxe5 8.Ng3 Nc6
9.Nf3 Qe6 10.Qa4 Bc5 11.Rc1 Bb6 12.Nh5 Qd5 13.Nf4 Qd6 14.g3 Nf6 15.Bg2 O-O
16.O-O Bd7 17.Rfd1 Ne4 18.Be1 Rfe8 19.Nd2 Nxd2 20.Bxd2 Rad8 21.Qb3 Bg4 22.Bf3 Bxf3
23.Qxf3 Qf6 24.Kg2 h6 25.b3 Qe7 26.Be1 Rd6 27.Rd2 Ne5 28.Qe4 Qd7 29.Qb1 Rf6
30.e4 Rxf4 31.gxf4 Qg4+ 32.Kf1 Nf3  0-1

[Event "Budapest FS12 IM-B"]
[Site "Budapest"]
[Date "1997.??.??"]
[Round "8"]
[White "Zemerov, Vladimir"]
[Black "Le Thi Phuong Lien"]
[Result "1-0"]
[WhiteElo "2325"]
[BlackElo "2265"]

1.c4 c6 2.e4 d5 3.exd5 cxd5 4.d4 Nf6 5.Nc3 e6 6.Nf3 Be7 7.cxd5 Nxd5 8.Bd3 O-O
9.O-O Nc6 10.Re1 b6 11.Nxd5 Qxd5 12.Be4 Qd6 13.Qc2 Bb7 14.Bxh7+ Kh8 15.Be4 Rac8
16.Qd1 f5 17.Bxc6 Qxc6 18.Bf4 Bf6 19.Be5 Qd5 20.Qd2 Kg8 21.b3 Be7 22.Qf4 Rc3
23.h4 b5 24.h5 Rf7 25.Rac1 Bb4 26.Rxc3 Bxc3 27.Rc1 b4 28.Qg5 Kf8 29.Rd1 a5
30.Nh4 Bb2 31.Ng6+ Ke8 32.Nf4 Qd7 33.Qg6 Bd5 34.Bxg7 Kd8 35.h6 Kc7 36.Nxd5+ exd5
37.Re1 f4 38.Qe6  1-0